Psicologia aplicada no cotidiano : (Record no. 398)

MARC details
000 -LÍDER
campo de controle de tamanho fixo 01365nam a2200325 4500
001 - NÚMERO DE CONTROLE
campo de controle 398
003 - IDENTIFICADOR DO NÚMERO DE CONTROLE
campo de controle OSt
005 - DATA E HORÁRIO DA ÚLTIMA TRANSAÇÃO
campo de controle 20250617152347.0
008 - CAMPO DE DADOS FIXOS--INFORMAÇÃO GERAL
campo de controle de tamanho fixo 250414b |||||||e |||| 00| 0 eng d
020 ## - ISBN - INTERNATIONAL STANDARD BOOK NUMBER
ISBN - International Standard Book Number 9788565042727
040 ## - FONTE DA CATALOGAÇÃO
Idioma da catalogação por
041 ## - CÓDIGO DE IDIOMA
Código do idioma do original e/ou traduções intermediárias do texto ger
Código do idioma do texto/trilha sonora ou título diferente por
082 ## - CDD - CLASSIFICAÇÃO DECIMAL DE DEWEY
Número de Classificação 150.195
Número do exemplar B122p
100 ## - ENTRADA PRINCIPAL--NOME PESSOAL
Nome pessoal Back, Frederick
Datas associadas ao nome 1924 - 2013
240 ## - TÍTULO UNIFORME
Título uniforme Psicologia aplicada no Cotidiano
245 ## - TÍTULO
Título Psicologia aplicada no cotidiano :
Restante do título O Essencial da Psicologia /
Indicação de responsabilidade, etc. Back, Frederick ;
260 ## - PUBLICAÇÃO, DISTRIBUIÇÃO, ETC.
Nome do editor, distribuidor, etc. Hunter Books
Data da publicação, distribuição, etc. 2016
Local de publicação, distribuição, etc. São Paulo
300 ## - DESCRIÇÃO FÍSICA
Extensão 152 p.
520 ## - NOTA DE RESUMO, ETC.
Resumo, etc. Psicologia aplicada no cotidiano fala um pouco de tudo o que representa o conhecimento da Psicologia: os pioneiros Freud e Jung, os sonhos e os distúrbios do sono, amor e paixão, os ídolos e a idolatria, casamento, família e crises, a adolescência e seus conflitos, os mitos dos supers-heróis e os efeitos psicológicos da cores e dos pets na vida das pessoas.<br/><br/>
650 #0 - ASSUNTO--TERMO TÓPICO
Cabeçalho tópico ou nome geográfico Psicologia
9 (RLIN) 831
650 #0 - ASSUNTO--TERMO TÓPICO
Cabeçalho tópico ou nome geográfico Psicologia Comportamental
9 (RLIN) 868
650 #0 - ASSUNTO--TERMO TÓPICO
Cabeçalho tópico ou nome geográfico Psicanálise
9 (RLIN) 839
650 #0 - ASSUNTO--TERMO TÓPICO
Cabeçalho tópico ou nome geográfico Autoconhecimento – Filosofia e psicologia
9 (RLIN) 855
650 #0 - ASSUNTO--TERMO TÓPICO
Cabeçalho tópico ou nome geográfico Freud, Sigmund – Teorias
9 (RLIN) 840
650 #0 - ASSUNTO--TERMO TÓPICO
Cabeçalho tópico ou nome geográfico Aplicações da Psicologia no Cotidiano
9 (RLIN) 857
655 #0 - TERMO DE ÍNDICE--GÊNERO E FORMA
Gênero/forma/ou termo foco Não Ficção
655 #0 - TERMO DE ÍNDICE--GÊNERO E FORMA
Gênero/forma/ou termo foco Técnico-científico
830 ## - ENTRADA SECUNDÁRIA DE SÉRIE--TÍTULO UNIFORME
Título uniforme O Essencial da Psicologia
9 (RLIN) 853
942 ## - ELEMENTOS DE ENTRADA ADICIONADOS (KOHA)
Fonte de classificação ou esquema de arquivamento Classificação decimal de Dewey
Ocultar no OPAC Não
Tipo de material Koha Livros
Holdings
Situação do descarte Situação das perdas Fonte de classificação ou esquema de arquivamento Status danificado Não pode ser emprestado Coleção Biblioteca de origem Biblioteca atual Localização na estante Data de aquisição Fonte de aquisição Total de empréstimos Número de chamada completo Código de barras Data de último acesso Data do preço efetivo Tipo de material Koha
    Classificação decimal de Dewey     Não ficção Biblioteca Professor Eduardo Afonso de Castro Biblioteca Professor Eduardo Afonso de Castro Psicologia e Filosofia 14.04.2025 doação   150.195 / B122p 2025-17336 14.04.2025 14.04.2025 Livros

Powered by Koha